Waverley; or, 'Tis Sixty years since

Wedi'i Gadw mewn:
Manylion Llyfryddiaeth
Prif Awdur: Scott, Walter (Awdur)
Fformat: Llyfr
Iaith:Saesneg
Cyhoeddwyd: Boston Sanborn, Carter and Bazin 1855
Rhifyn:2a. ed
Cyfres:Waverley Novels: Library Edition, I
Pynciau:
Tagiau: Ychwanegu Tag
Dim Tagiau, Byddwch y cyntaf i dagio'r cofnod hwn!

MARC

LEADER 00000nam a2200000 a 4500
001 UCJ7976
003 CL-VaPUC
008 070124e18550000US |||||||||||||||||eng|d
082 0 4 |a 823  |b SCO  |2 21 
100 0 |a Scott, Walter  |e author  |9 354318 
245 1 0 |a Waverley; or, 'Tis Sixty years since 
250 |a 2a. ed 
300 |a 255 p 
942 |c BK 
945 |d 20070124 00:00:00  |a rinostro 
260 |a Boston  |b Sanborn, Carter and Bazin  |c 1855 
500 |a Scott publicó sus novelas en forma anónima pues sostenía que escribir novelas menoscababa su condición de pastor adventista.- Ilustraciones sin indizar 
600 0 7 |a WAVERLEY, EDWARD  |2 CL-VaPUC  |9 516563 
650 7 |a NOVELA ESCOCESA  |2 CL-VaPUC  |9 330483 
650 0 |a Ilustraciones  |9 369481 
583 |a last modification  |c 20150115 03:07:38  |k Rodrigo Vera 
490 0 |a Waverley Novels: Library Edition, I 
999 |c 323836  |d 323834 
952 |0 0  |1 0  |4 0  |6 823_000000000000000_SCO_1855  |7 0  |8 X  |9 403657  |a FDOBUD  |b FDOBUD  |d 2019-11-22  |i 107105K  |o 823 SCO 1855  |p 107105K  |r 2019-11-22  |w 2019-11-22  |y BK_X  |k BUD